000 00194nam a2200097Ia 4500
008 240331s9999 xx 000 0 und d
082 _bSAM
100 _aCWDS
245 0 _aSamya sakthi
942 _cL
999 _c1808
_d1808